00636cam a22002297a 4500003000500000005001700005008004100022010001000063011001000073035001000083040000900093110004700102245007800149260003500227300002200262410000900284490003100293650002600324650001600350810000900366830003100375CHAP20220817042443.0971013d1978 mx b r 00110 spa d a45202 a46174 a50314 cCHAP2 aUACH. Centro Regional Tropical Puyacatengo10aFisiografía geologíac/por UACH. Centro Regional Tropical Puyacatengo aTeapa, Tabasco :bUACH,c1978. a29 p.b: gráfs.21aUACH 0aPublicaciones de CRTPv; 114aGeografía física.14aGeología.21aUACH0 aPublicaciones de CRTPv; 1